| 000 | 00656nam a2200229Ia 4500 | ||
|---|---|---|---|
| 005 | 20241216005940.0 | ||
| 008 | 180423s9999||||xx |||||||||||||| ||und|| | ||
| 020 | _a84-277-0879-3 | ||
| 082 |
_a155.432 _bL98 |
||
| 100 | _aLURCAT, LILIANE | ||
| 245 | 0 |
_aEL NIÑO Y SUS COMPAÑEROS _bPERCEPCION Y COMPARTIMIENTO EN EL AMBITO ESCOLAR |
|
| 250 | _a0 | ||
| 260 |
_aMADRID-ESPAÑA _bNARCEA _c1990 |
||
| 300 |
_a199 pag. _c20 cm |
||
| 341 | _h48.6 | ||
| 490 |
_v0 _a0 |
||
| 505 | _aESCUELA INFANTIL-VALORES/IDENTIDAD-STATUS-SEXO | ||
| 541 |
_aC _bLIBRERIA SAN CRISTOBAL _d12-Sep-96 _odólar |
||
| 650 | _aFILOSOFIA | ||
| 856 | _zHumanidades | ||
| 942 | _cLIBRO | ||
| 999 |
_c1457 _d1457 |
||